| 000 | 005200000a22001810004500 | ||
|---|---|---|---|
| 003 | MACL | ||
| 005 | 20160202120301.0 | ||
| 008 | 160202b xxu||||| |||| 00| 0 eng d | ||
| 040 |
_aMACL _cMACL |
||
| 041 | _aHindi | ||
| 082 | _a900 | ||
| 100 |
_aशर्मा एल. पी _936432 |
||
| 245 | _aआधुनिक भारत | ||
| 260 |
_bलक्ष्मी नारायण अग्रवाल _c2008 _aआगरा |
||
| 350 | _a165 | ||
| 650 |
_aइतिहास _936433 |
||
| 942 |
_cHIN _k900 _2ddc |
||
| 999 |
_c45567 _d45567 |
||